000 00489nam a22001697a 4500
008 150708b xxu||||| |||| 00| 0 alb d
020 _a9789951417532
041 0 _aalb
080 _a930.23
_x(496.51)
100 _aMalcolm, Noel ;
245 _aKosova :
_cNoel Malcolm.
260 _aPrishtinë :
_bKOHA ;
_c2011.
300 _a495 f.:
_bme il.;
_c24 cm.
500 _aParathënie e botimit të dytë: f.21-33
650 0 _aHistoria
_zKosova
942 _2udc
_cBK
999 _c1101
_d1101